[Event "Enniscrone Sligo op-A"]
[Site "Enniscrone"]
[Date "2025.02.02"]
[Round "5"]
[White "Mccoy, Adam"]
[Black "Paibir, Atharva"]
[Result "0-1"]
[WhiteElo "1840"]
[BlackElo "1972"]
[PlyCount "92"]
[EventDate "2025.01.31"]
[EventType "swiss"]
[EventRounds "5"]
[EventCountry "IRL"]
[SourceTitle "CB06_2025"]
[SourceDate "2025.02.05"]
[SourceVersion "1"]
[SourceVersionDate "2025.02.05"]
[SourceQuality "1"]

1. e4 c5 2. Nf3 Nc6 3. Bb5 e6 4. Bxc6 bxc6 5. b3 Ne7 6. Bb2 Ng6 7. h4 h5 8. e5 Be7 9. Na3 Qc7 10. Nc4 f6 11. d3 Ba6 12. Qd2 Bxc4 13. exf6 Bxf6 14. Bxf6 gxf6 15. dxc4 d5 16. 0-0-0 Qf4 17. Qxf4 Nxf4 18. g3 Ng6 19. Rhe1 Kf7 20. Rd3 Rad8 21. cxd5 cxd5 22. Rc3 Rc8 23. Rd3 Rhd8 24. Red1 Ne7 25. Nd2 e5 26. c4 d4 27. Ne4 f5 28. Ng5+ Kf6 29. f3 Nc6 30. a3 a5 31. Re1 Re8 32. Rd2 Re7 33. Kc2 Rb8 34. g4 hxg4 35. fxg4 e4 36. Rf2 d3+ 37. Kc3 Nd4 38. Nxe4+ Rxe4 39. Rxf5+ Nxf5 40. Rxe4 Nxh4 41. g5+ Kxg5 42. Re5+ Kf4 43. Rd5 Ke4 44. Rxc5 Rd8 45. Kd2 Nf3+ 46. Kd1 Rh8 0-1